000 00568nam a22002057a 4500
999 _c442818
_d442818
003 UA-OsUOA
005 20191115105458.0
008 191115b un ||||| |||| 00| 0 ukr d
040 _aUA-OsUOA
_bukr
_cUA-OsUOA
_dUA-OsUOA
041 _aukr
080 _a821.161.1
090 _a821.161.1
_bТ93
100 _aТынянов Ю
245 _aСмерть Вазир - Мухтара
_cЮрий Тынянов
260 _aМосква
_bСоветский писатель
_c1948
300 _a446 с.
650 _a821.161.1
942 _2udc
_cBK
955 _a3